000
00338nam a2200145Ia 4500
100
_a
Jamsa/Kris
942
_c
BK
654
_a
Computer
245
_a
Covers all Releases through DOS 5 Complete Refrence
260
_b
Osborne Mc graw Hill
_a
California
_c
1991
082
_a
1.64
_b
PAN
300
_a
882
546
_a
ENGLISH
999
_c
22829
_d
22829